000 00692nam a2200217Ii 4500
003 JO-AjNU
008 230605s9999||||xx |||||||||||||| ||und||
017 _a1980/1488
040 _aJO-AjNU
_bara
_erda
_cJO-AjNU
041 _aara
050 1 4 _aAC106.D2.1980
100 3 _aالدباغ،فخري,
_eauthor
_919778
245 0 0 _aفي ضمير الزمن:احاديث في الانسان والمجتمع
264 3 1 _aبغداد:دار الرشيد للنشر،1980
300 _a108ص
336 _atext
_btxt
_2rdacontent
337 _aunmediated
_bn
_2rdamedia
338 _avolume
_bnc
_2rdacarrier
490 0 _aسلسلة دراسات 230
650 4 _aمقالات عامة
_919779
999 _aA6587
_c10155
_d10155